Del mundo globalizado a las formas actuales del malestar en la cultura /

El presente artículo indaga sobre el malestar de la cultura, tomando como eje la siguiente pregunta. ¿El malestar actual es la continuación de aquel descrito por Freud en 1929? Se sostiene que en las actuales formas del malestar un yo ideal tiránico, tiende a sustituir a un súper yo estructurante. S...

Full description

Bibliographic Details
Main Author: Richard, François 1949-
Format: Analitica de revista
Published: Santiago, Chile Universidad Academia de Humanismo Cristiano. Escuela de Educación 2012
Subjects:
Online Access:Disponible en línea (PDF). Biblioteca Digital UAHC

MARC

LEADER 00000cab a2200000 a 4500
001 027331
003 UAHC_CL
005 20210909175942.0
008 120523b2012 cl 000 esp
040 |a UAHC_CL  |c UAHC_CL  |d UAHC_CL 
100 1 |a Richard, François  |d 1949- 
245 1 0 |a Del mundo globalizado a las formas actuales del malestar en la cultura /  |c Francois Richard. 
260 |b Universidad Academia de Humanismo Cristiano. Escuela de Educación  |c 2012  |a Santiago, Chile 
300 |a p. 15-27 
500 |a En: Castalia, Revista de psicología de la Academia, nº22, 2012. p. 15-27. ISSN: 07174985. 
500 |a En: Castalia, Revista de psicología de la Academia, nº22, 2012. p. 15-27. ISSN: 07174985. 
520 |a El presente artículo indaga sobre el malestar de la cultura, tomando como eje la siguiente pregunta. ¿El malestar actual es la continuación de aquel descrito por Freud en 1929? Se sostiene que en las actuales formas del malestar un yo ideal tiránico, tiende a sustituir a un súper yo estructurante. Se reflexiona en torno a las consecuencias del malestar actual, su modo de expresión y sus posibles causas. 
520 |a El presente artículo indaga sobre el malestar de la cultura, tomando como eje la siguiente pregunta. ¿El malestar actual es la continuación de aquel descrito por Freud en 1929? Se sostiene que en las actuales formas del malestar un yo ideal tiránico, tiende a sustituir a un súper yo estructurante. Se reflexiona en torno a las consecuencias del malestar actual, su modo de expresión y sus posibles causas. 
520 |a El presente artÌculo indaga sobre el malestar de la cultura, tomando como eje la siguiente pregunta. øEl malestar actual es la continuaciÛn de aquel descrito por Freud en 1929? Se sostiene que en las actuales formas del malestar un yo ideal tir·nico, tiende a sustituir a un súper yo estructurante. Se reflexiona en torno a las consecuencias del malestar actual, su modo de expresiÛn y sus posibles causas. 
650 4 |a Sexualidad 
650 4 |a Pulsiones 
759 |a PP035 
773 0 |t Castalia : Revista de psicología de la Academia.  |w 027192 
856 |u http://bibliotecadigital.academia.cl/xmlui/handle/123456789/2997  |3 Disponible en línea (PDF). Biblioteca Digital UAHC  |y Disponible en línea (PDF). Biblioteca Digital UAHC 
856 |u http://bibliotecadigital.academia.cl/xmlui/handle/123456789/2997  |3 Disponible en línea (PDF). Biblioteca Digital UAHC  |y Disponible en línea (PDF). Biblioteca Digital UAHC 
900 |a CASTALIA-22/12 
942 |c REVA 
952 |0 0  |1 0  |4 0  |6 CASTALIA_22_12_000000000000000  |7 0  |8 General  |9 54596  |a BC  |b BC  |c General  |d 2017-08-03  |l 0  |o CASTALIA-22/12  |p FICTICIO1639  |r 2019-01-08 00:00:00  |t 1  |w 2017-08-03  |y REVA 
999 |c 27331  |d 27331